Group Communication (Record no. 4952)

MARC details
000 -LEADER
fixed length control field 00304nam a2200133Ia 4500
008 - FIXED-LENGTH DATA ELEMENTS--GENERAL INFORMATION
fixed length control field 191201s2009 xx 000 0 und d
082 ## - DEWEY DECIMAL CLASSIFICATION NUMBER
Classification number 488.9
Item number GRH
100 ## - MAIN ENTRY--PERSONAL NAME
Personal name HARTLEY, Peter
245 #0 - TITLE STATEMENT
Title Group Communication
260 ## - PUBLICATION, DISTRIBUTION, ETC. (IMPRINT)
Place of publication, distribution, etc Londan
Name of publisher, distributor, etc Routledge
Date of publication, distribution, etc 2009
300 ## - PHYSICAL DESCRIPTION
Extent 226
650 ## - SUBJECT ADDED ENTRY--TOPICAL TERM
Topical term or geographic name as entry element BBA
942 ## - ADDED ENTRY ELEMENTS (KOHA)
Source of classification or shelving scheme Dewey Decimal Classification
Koha item type Text Books
Holdings
Withdrawn status Lost status Source of classification or shelving scheme Damaged status Not for loan Collection code Home library Current library Date acquired Source of acquisition Cost, normal purchase price Bill Number Total Checkouts Full call number Acc. no. / Barcode Date last seen Bill Date Koha item type Checked out Date last borrowed Public note
    Dewey Decimal Classification     BBA PIET C-LIBRARY PIET C-LIBRARY 30/07/2011 The book company 595.00 IN-859   488.9 HAG 18016 04/12/2019 27/07/2011 Text Books      
    Dewey Decimal Classification     BBA PIET C-LIBRARY PIET C-LIBRARY 30/07/2011 The book company 595.00 IN-859   488.9 HAG 18017 04/12/2019 27/07/2011 Text Books      
    Dewey Decimal Classification     BBA PIET C-LIBRARY PIET C-LIBRARY 30/07/2011 The book company 595.00 IN-859   488.9 HAG 18018 04/12/2019 27/07/2011 Text Books      
    Dewey Decimal Classification     BBA PIET C-LIBRARY PIET C-LIBRARY 30/07/2011 The book company 595.00 IN-859 1 488.9 HAG 18019 22/01/2022 27/07/2011 Text Books 21/07/2022 22/01/2022 .
    Dewey Decimal Classification     GENERAL PIET C-LIBRARY PIET C-LIBRARY 30/07/2011 The book company 595.00 IN-859 1 488.9 HAG 18020 23/03/2021 27/07/2011 Text Books   15/03/2021 Language

Design & Developed by: PIET Central Library
R70 Miles Stone Pattikalyana Samalkha Panipat 132102
mail ID :- [email protected], Phone No:- 0180-2569700 Ex.216